000 00969cam a22003137a 4500
003 CHAP
005 20220329141802.0
008 971013s1979 r 00010 d
010 _a73799
011 _a74771
035 _a84330
040 _cCHAP
082 _a104
_bG32
100 0 0 _aGarrido, Manuel.
_946973
245 1 4 _aLas revoluciones en la filosofía
260 _aMéxico, D.F. :
_bGrijalbo,
_c1979
300 _a246 p.
490 0 _aGrijalbo. Teoría y praxis
_v; 49
590 _aBATCH-UPD
_b10
_c20130110
_lUCH01
_h0409
590 _aBATCH-UPD
_b10
_c20130410
_lUCH01
_h0043
590 _aBATCH-UPD
_b10
_c20130914
_lUCH01
_h1407
590 _aCONVERSION
_b10
_c20130109
_lUCH01
_h1340
650 1 4 _aFilosofía.
_940890
830 0 _aGrijalbo. Teoría y praxis
_v; 49
_950723
901 _aBK
942 _cLIBRO
949 _a104 G32
_bBC
_cLIBRO
_d-39595
_eLIBRO
_h48615
_i84330
_si
949 _a104 G32
_bBC
_cLIBRO
_d33724000807848
_eLIBRO
_fc.2
_h48616
_i84330
_si
999 _c73799
_d73799